<?xml version="1.0" encoding="UTF-8"?>
<collection xmlns="http://www.loc.gov/MARC21/slim">
<record>
  <controlfield tag="001">161650</controlfield>
  <controlfield tag="005">20250613111201.0</controlfield>
  <datafield tag="037" ind1=" " ind2=" ">
    <subfield code="a">TAZ-TFG-2017-3087</subfield>
  </datafield>
  <datafield tag="041" ind1=" " ind2=" ">
    <subfield code="a">spa</subfield>
  </datafield>
  <datafield tag="100" ind1="1" ind2=" ">
    <subfield code="a">Fonte Polo, Eduardo</subfield>
  </datafield>
  <datafield tag="242" ind1="0" ind2="0">
    <subfield code="a">Traceability Application for Biomass Management: Input of Raw Materials and Processes</subfield>
  </datafield>
  <datafield tag="245" ind1="0" ind2="0">
    <subfield code="a">Aplicación de Trazabilidad para la Gestión de Biomasa: Entrada de Materias Primas y Procesos</subfield>
  </datafield>
  <datafield tag="260" ind1=" " ind2=" ">
    <subfield code="a">Zaragoza</subfield>
    <subfield code="b">Universidad de Zaragoza</subfield>
    <subfield code="c">2017</subfield>
  </datafield>
  <datafield tag="500" ind1=" " ind2=" ">
    <subfield code="a">Resumen disponible también en inglés. Aplicación disponible en https://github.com/F0NT3/BiomasaEUPT</subfield>
  </datafield>
  <datafield tag="506" ind1=" " ind2=" ">
    <subfield code="a">by-nc-sa</subfield>
    <subfield code="b">Creative Commons</subfield>
    <subfield code="c">3.0</subfield>
    <subfield code="u">http://creativecommons.org/licenses/by-nc-sa/3.0/</subfield>
  </datafield>
  <datafield tag="520" ind1=" " ind2=" ">
    <subfield code="a">La trazabilidad es el conjunto de procedimientos que permite seguir el proceso de evolución de un producto en cada una de sus etapas. Por lo tanto, es una herramienta muy útil para la gestión de cualquier empresa u organismo. El punto de partida de este proyecto surge de la necesidad de automatizar la obtención de la trazabilidad en una supuesta empresa que trabaja con productos madereros. Para lo cual se ha desarrollado la aplicación “BiomasaEUPT”, un programa genérico aplicable no solo al sector maderero. Dado que es un proyecto complejo, el desarrollo y trabajo se ha dividido en dos partes. En este Trabajo Fin de Grado se aborda la primera parte del proyecto, centrada en la construcción de un prototipo funcional para obtener la trazabilidad en el proceso de entrada de materias primas y transformación, es decir, la gestión de permisos, usuarios, clientes, proveedores y recepciones de materias primas, así como la obtención de la trazabilidad de las recepciones y de las materias primas. Todo ello, a través de una aplicación de escritorio conectada a una base de datos SQL Server, programada en C# usando la tecnología Entity Framework para el manejo de los datos. En la segunda parte del proyecto se implementarán los procesos de fabricación de productos terminados y ventas de productos envasados, así como la obtención de la trazabilidad completa del sistema.&lt;br /></subfield>
  </datafield>
  <datafield tag="521" ind1=" " ind2=" ">
    <subfield code="a">Graduado en Ingeniería Informática</subfield>
  </datafield>
  <datafield tag="540" ind1=" " ind2=" ">
    <subfield code="a">Derechos regulados por licencia Creative Commons</subfield>
  </datafield>
  <datafield tag="700" ind1=" " ind2=" ">
    <subfield code="a">Aparicio Cardiel, Luis Carlos</subfield>
    <subfield code="e">dir.</subfield>
  </datafield>
  <datafield tag="700" ind1=" " ind2=" ">
    <subfield code="a">Azuara Guillén, Guillermo</subfield>
    <subfield code="e">dir.</subfield>
  </datafield>
  <datafield tag="710" ind1="2" ind2=" ">
    <subfield code="a">Universidad de Zaragoza</subfield>
    <subfield code="b">Informática e Ingeniería de Sistemas</subfield>
    <subfield code="c">Arquitectura y Tecnología de Computadores</subfield>
  </datafield>
  <datafield tag="856" ind1="0" ind2=" ">
    <subfield code="f">509734@celes.unizar.es</subfield>
  </datafield>
  <datafield tag="856" ind1="4" ind2=" ">
    <subfield code="s">4921953</subfield>
    <subfield code="u">http://zaguan.unizar.es/record/161650/files/TAZ-TFG-2017-3087.pdf</subfield>
    <subfield code="y">Memoria (spa)</subfield>
  </datafield>
  <datafield tag="909" ind1="C" ind2="O">
    <subfield code="o">oai:zaguan.unizar.es:161650</subfield>
    <subfield code="p">driver</subfield>
    <subfield code="p">trabajos-fin-grado</subfield>
  </datafield>
  <datafield tag="950" ind1=" " ind2=" ">
    <subfield code="a"></subfield>
  </datafield>
  <datafield tag="980" ind1=" " ind2=" ">
    <subfield code="a">TAZ</subfield>
    <subfield code="b">TFG</subfield>
    <subfield code="c">POLTER</subfield>
  </datafield>
  <datafield tag="951" ind1=" " ind2=" ">
    <subfield code="a">deposita:2025-06-13</subfield>
  </datafield>
</record>
</collection>